All Eazy-E Songs - Statistics

General Stats
  • This quiz has been taken 121 times
  • The average score is 18 of 57
Answer Stats
Answer % Correct
No More ?'s
75%
Eazy-Duz-It
71%
Real Muthaphuckkin G's
71%
It's On
66%
Boyz-In-The-Hood (Remix)
58%
Only If You Want It
47%
We Want Eazy
46%
We Want Eazy (Remix)
46%
Eazy-Er Said Than Dunn
41%
Gimmie That Nutt
41%
Any Last Werdz
37%
Boyz-N-Tha-Hood (G-Mix)
37%
Luv 4 Dem Gangsta'z
37%
Neighborhood Sniper
37%
Nobody Move
37%
Ole School Shit
37%
Still A Nigga
37%
Radio
36%
Creep N Crawl
34%
Exxtra Special Thankz
32%
Ruthless Villain
32%
Still Talkin'
32%
Still Talkin' (Remix)
32%
2 Hard Mutha's
31%
Eternal E
31%
Sippin on a 40
31%
Sorry Louie
31%
Down 2 tha Last Roach
29%
Merry Muthafuckin' Xmas
29%
Niggaz My Height Don't Fight
29%
Wut Would You Do
29%
8 Ball
27%
First Power
27%
I'mma Break It Down
27%
Intro
27%
Intro: New Year's E-Vil
27%
Just Tah Let You Know
27%
L.A. Is the Place
25%
Switchez
25%
Hit the Hooker
24%
Nutz on Ya Chin
24%
Eazy-Chapter 8 Verse 10
22%
Fat Girl
20%
My Baby'z Mama
20%
Eazy 1, 2, 3
19%
Cock the 9
17%
Eazy Street
17%
No More Tears
17%
Ruthless Life
17%
Still Fuckem
17%
Tha Muthaphukkin Real
17%
The Rev (Skit)
17%
Foe Tha Love of $
15%
24 Hrs To Live
14%
Black Nigga Kill
14%
Lickin, Suckin, Fuckin
14%
Gangsta Beat 4 Tha Streets
8%
No matching quizzes found
Score Distribution
Percent of People with Each Score
Percentile by Number Answered
Your Score History
You have not taken this quiz